| 000 | 00676nam a22002417a 4500 | ||
|---|---|---|---|
| 003 | OSt | ||
| 005 | 20140402082729.0 | ||
| 008 | 131008t xxu||||| |||| 00| 0 eng d | ||
| 020 | _a9781606310601 | ||
| 050 |
_aBL 795.M65 _b.K46 2010 |
||
| 100 |
_aWatts, Franklin _926016 |
||
| 245 |
_aMythLopedia : _bWhat a Beast.? _cFranklin Watts. |
||
| 260 |
_aCanada : _bScholastic Inc, _c2010 |
||
| 300 |
_a128 p. : _bill, ; _c23 cm. |
||
| 521 | _aG8 | ||
| 526 | _c920 | ||
| 562 | _e1 | ||
| 650 |
_aMonsters _x Encyclopedias, Juvenile. _926017 |
||
| 650 |
_aMythology, Greek _xJuvenile. Monsters. _926018 |
||
| 650 |
_aEncyclopedias, _926019 |
||
| 942 |
_2lcc _cBK |
||
| 999 |
_c42897 _d42897 |
||